00541nam a2200157 a 450000100100000000500170001000800410002704000250006808200140009310000380010724500570014526000420020230000100024495201120025499900170036600004739920260305073956.0180515s1998 dr 000 spa d aDO-SdBNPbspacBNPHU axxxbF3621 aFernández, Leonel,d1953-97291 0aGobierno, partido y sociedad. /cLeonel Fernández. aSanto Domingo :bAlfa y Omega,c1998. a46 p. 0010718PDaPDbPDcHDd2018-05-15iLF1l0oxxx F362p47399-10r2020-06-25w2020-06-25yLFPDZNo se presta c46887d46887